Engineering Economy (Record no. 18622)

MARC details
000 -LEADER
fixed length control field 00350nam a22001577a 4500
005 - DATE AND TIME OF LATEST TRANSACTION
control field 20230606194424.0
008 - FIXED-LENGTH DATA ELEMENTS--GENERAL INFORMATION
fixed length control field 230606b |||||||| |||| 00| 0 eng d
082 ## - DEWEY DECIMAL CLASSIFICATION NUMBER
Classification number 621.328
Item number BLA-E
100 ## - MAIN ENTRY--AUTHOR
Author Name Blank Leland
245 ## - TITLE STATEMENT
Title Engineering Economy
250 ## - EDITION STATEMENT
Edition statement 6th
260 ## - PUBLICATION, DISTRIBUTION, ETC.
Date of publication, distribution, etc. 2002
650 ## - SUBJECT ADDED ENTRY--TOPICAL TERM
Subject / Department Engineering
700 ## - ADDED ENTRY--PERSONAL NAME
Personal name Leland Blank
952 ## - LOCATION AND ITEM INFORMATION (KOHA)
-- 0
-- 0
Holdings
Lost status Damaged status Permanent Location Current Location Shelving Location Date acquired Full Call Number Accession No./Barcode Date last seen Copy number item type
    Superior Information Resource Center (SIRC) Superior University- Central Library Superior Information Resource Center (SIRC) Superior University- Central Library Engineering 06/06/2023 621.328 BLA-E 2002 15371 06/06/2023 1 BOOK

Powered by Koha